Star Wars Battlefront II All Hero Abilities - Statistics

General Stats
  • This quiz has been taken 23 times
  • The average score is 19 of 68
Answer Stats
Hint Answer % Correct
Vader #3 Force Choke
85%
Palpatine #1 Chain Lightning
62%
Boba #1 Concussion Rocket
62%
Dooku #2 Duelist
54%
Kylo #3 Freeze
54%
Luke #1 Push
54%
Vader #1 Saber Throw
54%
Han #2 Sharpshooter
54%
Palpatine #2 Dark Aura
46%
Rey #3 Mind Trick
46%
Leia #2 Rapid Fire
46%
Luke #2 Repulse
46%
BB8 #2 Cable Spin
38%
Obi Wan #3 Defensive Rush
38%
Kylo #2 Frenzy
38%
Anakin #2 Heroic Might
38%
Kylo #1 Pull
38%
Boba #3 Rocket Barrage
38%
Han #3 Shoulder Charge
38%
Grievous #2 Unrelenting Advance
38%
Obi Wan #1 All-Out Push
31%
Maul #2 Choke Hold
31%
Grievous #3 Claw Rush
31%
Bossk #1 Dioxis Grenade
31%
Vader #2 Focused Rage
31%
Chewbacca #2 Furious Bowcaster
31%
Yoda #2 Presence
31%
Anakin #4 Retribution
31%
Luke #3 Rush
31%
BB9E #2 Shock Spin
31%
Lando #1 Smoke Grenade
31%
Leia #1 Thermal Detonators
31%
Finn #2 Big Deal
23%
Chewbacca #3 Charge Slam
23%
Yoda #3 Dash Attack
23%
Rey #1 Dash Strike
23%
Han #1 Detonite Charge
23%
Iden #3 Droid Shield
23%
Boba #2 For the Hunt
23%
Dooku #1 Lightning Stun
23%
Anakin #3 Passionate Strike
23%
Bossk #3 Proximity Mines
23%
Anakin #1 Pull Dominance
23%
Maul #3 Spin Attack
23%
Leia #3 Squad Shield
23%
Phasma #1 Staff Strikes
23%
Grievous #1 Thrust Surge
23%
Finn #1 Deadeye
15%
Palpatine #3 Electrocute
15%
Dooku #3 Expose Weakness
15%
Maul #1 Furious Throw
15%
Rey #2 Insight
15%
Bossk #2 Predator Instincts
15%
Iden #2 Pulse Canon
15%
BB8 #1 Resistance Backing
15%
Obi Wan #2 Restrictive Mind Trick
15%
BB8 #3 Rolling Charge
15%
Lando #2 Sharpshot
15%
BB9E #1 Smoke Screen
15%
Iden #1 Stun Droid
15%
Phasma #2 Survivor
15%
Yoda #1 Unleash
15%
BB9E#3 Charge Up
8%
Lando #3 Disabler
8%
Phasma #3 First Order Sentry Droid
8%
Finn #3 Undercover Team
8%
Boba #4 Fuel
0%
Chewbacca #1 Shock Grenades
0%
No matching quizzes found
Score Distribution
Percent of People with Each Score
Percentile by Number Answered
Your Score History
You have not taken this quiz